000 00772nam a22001935i 4500
001 167539
003 ES-MaACL
005 20250814013817.0
008 000724s1892 sp af |||| | spa d
040 _aCCPB | B
_bspa
_cCCPB | B
080 _a001(063)(44 Marsella)
100 1 _aVilanova y Piera, Juan,
_d1821-1893
_9114785
245 1 0 _aCongresos científicos de 1891
_b: de Higiene y Demografía, en Londres; de la Sociedad Helvética de Ciencias, en Friburgo ... /
_cpor Juan Vilanova y Piera.
260 _aMadrid :
_b[s.n.],
_c1892 (
_fImprenta de Ricardo Rojas)
300 _a[4], 474, [1] p., [3] h. de grab. pleg. :
_bil. ;
_c24 cm.
650 0 7 _aCiencias
_2embne
_910971
852 _aES-MaACL
_jF-13174
_z-- Enc. hol.
999 _c167539
_d167539